000 00599nam a2200229Ia 4500
008 101110s9999 xx 000 0 und d
041 _aENGLISH
082 _bSR25057
100 _aAjgaonkar Parag and Patkar, Anjali
245 _aMarketing finance Part II (SYBCOM)
260 _c2003
_bSheth Publishers, Mumbai
300 _a157
365 _b0
520 _aCommerce
520 _aFree Suppliment
546 _aENGLISH
630 _aMarketing finance Part II (SYBCOM)
650 _aCommerce
655 _aCommerce
730 _aMarketing finance Part II (SYBCOM)
942 _cBOOK
999 _c817712
_d817709